Tribunal Constitucional y Estado Democrt̀ico

Detalles Bibliográficos
Autor principal: Landa Arroyo, Cšar
Formato: eBook
Lenguaje:español
Publicado: Lima : Palestra Editores, 2007
Materias:
Acceso en línea:Acceso restringido

MARC

LEADER 00000nam a22000007a 4500
005 20120425142948.0
007 cr|||| ||||
008 120425s2007 pe |||||s|||| 00||0 spa d
020 |a 9972-224-37-6 
035 |a 6466 
040 |a vLex 
090 |c 3145  |d 3145 
100 1 |a Landa Arroyo, Cšar 
245 1 0 |a Tribunal Constitucional y Estado Democrt̀ico  |h [Recurso electrn̤ico] /  |c Cšar Landa Arroyo 
256 |a Servicio en ln̕ea 
260 |a Lima :  |b Palestra Editores,  |c 2007 
300 |a 1 recurso electrn̤ico 
506 1 |a Contenido solo disponible en los productos indicados  |d vLex Global   |d vLex Global (Academic Edition, excluding Law Schools)   |d vLex Global (U.S. Academic Edition, Law Schools)   |d vLex Global (U.S. Academic Edition, excluding Law Schools)   |d vLex Global (Academic Edition, Law Schools)  
650 0 4 |a Derecho Constitucional  |z Per︢ 
650 0 4 |a Democracia  |z Per︢ 
740 0 |a vLex Libros (Servicio en ln̕ea) 
856 4 0 |u http://vlex.com/source/tribunal-constitucional-estado-democratico-6466  |z Acceso restringido 
942 |c BOOK 
999 0 |a Democracy 
999 0 |a Constitutional law